The dichotomy of leadership : (Record no. 126919)

MARC details
000 -LEADER
campo de control de longitud fija 02501nam a22002537a 4500
003 - IDENTIFICADOR DE NÚMERO DE CONTROL
campo de control BJBSDDR
005 - FECHA Y HORA DE LA ÚLTIMA TRANSACCIÓN
campo de control 20260424115326.0
007 - CAMPO FIJO DE DESCRIPCIÓN FÍSICA--INFORMACIÓN GENERAL
campo de control de longitud fija ta
008 - DATOS DE LONGITUD FIJA--INFORMACIÓN GENERAL
campo de control de longitud fija 260424s2025 nyu||||| |||| 00| 0 eng d
020 ## - NÚMERO INTERNACIONAL ESTÁNDAR DEL LIBRO
Número Internacional Estándar del Libro 9781250354945
020 ## - NÚMERO INTERNACIONAL ESTÁNDAR DEL LIBRO
Número Internacional Estándar del Libro 1250354943
040 ## - FUENTE DE CATALOGACIÓN
Lengua de catalogación spa
Centro/agencia transcriptor BJBSDDR
041 ## - CÓDIGO DE IDIOMA
Código de lengua del texto/banda sonora o título independiente eng
050 ## - SIGNATURA TOPOGRÁFICA DE LA BIBLIOTECA DEL CONGRESO
Número de ítem W733 2025
100 ## - ENTRADA PRINCIPAL--NOMBRE DE PERSONA
Nombre de persona Willink, Jocko,
Fechas asociadas al nombre 1971-
9 (RLIN) 35496
245 14 - MENCIÓN DEL TÍTULO
Título The dichotomy of leadership :
Resto del título balancing the challenges of extreme ownership to lead and win /
Mención de responsabilidad, etc. Jocko Willink,
250 ## - MENCION DE EDICION
Mención de edición Expanded edition
260 ## - PUBLICACIÓN, DISTRIBUCIÓN, ETC.
Lugar de publicación, distribución, etc. New York :
Nombre del editor, distribuidor, etc. St. Martin's Press,
Fecha de publicación, distribución, etc. 2025
300 ## - DESCRIPCIÓN FÍSICA
Extensión 336 pages :
Otras características físicas illustrations ;
Dimensiones 22 cm
520 ## - RESUMEN, ETC.
Sumario, etc. More than three million readers of Extreme Ownership learned to apply combat-proven leadership lessons from authors Jocko Willink and Leif Babin. Now, in the new edition of the sequel, Willink and Babin dive deeper into the most challenging aspect of leading people: The Dichotomy of Leadership. This most difficult―and essential― element of leadership requires finding the balance between the forces that pull at every leader in opposite directions. Humbling lessons learned in combat and in teaching leadership to the next generation of SEAL leaders, highlighted for the authors with crystal clarity what works and what doesn’t. As leadership consultants to over 1600 companies and organizations across the U.S. and multiple countries, they have worked with thousands of leaders across the full spectrum of industries in the business world. Through dynamic examples from their combat and training experiences in the SEAL Teams and vignettes from the business arena, Willink and Babin demonstrate how each leadership concept applies on the battlefield, in business, and in life.<br/><br/>With a new Foreword and Q&A section, this revised edition of Dichotomy provides the crucial insight and awareness necessary for leaders to understand when to lead and when to follow, when to focus and when to detach, when to tighten the reins and when to let the team run, when to aggressively maneuver and when to be prudent. In The Dichotomy of Leadership, the authors deliver a book that rivals Extreme Ownership with life-changing guidance that should be essential reading for every leader and every team for generations. Understanding how to maintain balance enables leaders to most effectively lead, accomplish their mission, and achieve the ultimate goal of every team: Victory.
700 1# - ENTRADA AGREGADA--NOMBRE PERSONAL
Nombre de persona Babin, Leif
9 (RLIN) 35499
942 ## - ELEMENTOS DE ENTRADA SECUNDARIOS (KOHA)
Fuente del sistema de clasificación o colocación Clasificación de Library of Congress
Suprimir en OPAC No
Tipo de ítem Koha Libro
946 ## - PROCESAMIENTO DE INFORMACIÓN LOCAL (OCLC)
Iniciales del agente catalogador cmc
Holdings
Estatus retirado Estado de pérdida Fuente del sistema de clasificación o colocación Estado de daño No para préstamo Colección Biblioteca de origen Biblioteca actual Ubicación en estantería Fecha de adquisición Signatura topográfica completa Código de barras Visto por última vez Copia número Tipo de ítem Koha
    Clasificación de Library of Congress     Automatización y Procesos Técnicos Biblioteca Juan Bosch Biblioteca Juan Bosch Automatización y Procesos Técnicos (1er. Piso) 24/04/2026 W733 2025 00000199714 24/04/2026 1 Libro